[Event "Titled Tuesday intern op 29th Aug Late"]
[Site "Chess.com INT"]
[Date "2023.08.29"]
[Round "6"]
[White "Volovich, Vasily"]
[Black "Kovalevsky, Stanislav"]
[Result "1-0"]
[WhiteElo "2177"]
[BlackElo "2163"]
[PlyCount "137"]
[EventDate "2023.08.29"]
[EventType "swiss (blitz)"]
[EventRounds "11"]
[EventCountry "USA"]
[SourceTitle "EXT 2024"]
[Source "ChessBase"]
[SourceDate "2023.10.10"]
[SourceVersion "1"]
[SourceVersionDate "2023.10.10"]
[SourceQuality "1"]

1. e4 c6 2. Nf3 d5 3. Nc3 dxe4 4. Nxe4 Nf6 5. Nxf6+ exf6 6. Bc4 Bd6 7. Qe2+ Qe7 8. Qxe7+ Bxe7 9. 0-0 Be6 10. Be2 Nd7 11. Nd4 0-0-0 12. Nxe6 fxe6 13. d4 e5 14. Be3 exd4 15. Bxd4 Bc5 16. Bc3 Ne5 17. g3 Rhe8 18. Kg2 Kc7 19. Rad1 Rxd1 20. Rxd1 Rd8 21. Rxd8 Kxd8 22. f4 Nd7 23. Bd3 h6 24. Kf3 Ke7 25. Ke4 Bg1 26. h3 Nc5+ 27. Kf5 Nxd3 28. cxd3 Kf7 29. g4 Bc5 30. Ke4 Ke6 31. h4 Bf2 32. h5 Bh4 33. Bb4 Kf7 34. Bc5 a6 35. Be3 Be1 36. Kf5 Bb4 37. a3 Be7 38. Bd2 Bd6 39. Bb4 Bc7 40. Bc5 Ba5 41. b4 Bc7 42. a4 a5 43. bxa5 Bxa5 44. Bd6 b5 45. axb5 cxb5 46. Ke4 b4 47. Kd4 b3 48. Ba3 Bd2 49. f5 Bb4 50. Bb2 Bd6 51. Kc4 Ke7 52. Kxb3 Kd7 53. Kc4 Kc6 54. d4 Kd7 55. Kd5 Bb4 56. Bc1 Bd6 57. Bd2 Be7 58. Bc3 Bf8 59. Kc4 Be7 60. Bb4 Bd6 61. Bxd6 Kxd6 62. d5 Ke5 63. Kc5 Kf4 64. d6 Kxg4 65. d7 Kxf5 66. d8Q Kg5 67. Qe7 g6 68. hxg6 Kxg6 69. Kd4 1-0

[Event "Titled Tuesday intern op 22nd Aug Early"]
[Site "Chess.com INT"]
[Date "2023.08.22"]
[Round "1"]
[White "Volovich, Vasily"]
[Black "Legenia, Artem"]
[Result "1-0"]
[WhiteElo "2177"]
[BlackElo "2092"]
[PlyCount "247"]
[EventDate "2023.08.22"]
[EventType "swiss (blitz)"]
[EventRounds "11"]
[EventCountry "USA"]
[SourceTitle "EXT 2024"]
[Source "ChessBase"]
[SourceDate "2023.10.10"]
[SourceVersion "1"]
[SourceVersionDate "2023.10.10"]
[SourceQuality "1"]

1. e4 c5 2. Nf3 d6 3. c3 Nf6 4. h3 Nbd7 5. Bd3 g6 6. 0-0 Bg7 7. Bc2 0-0 8. d4 e5 9. dxe5 dxe5 10. Bg5 Qc7 11. Nbd2 b6 12. Qe2 Bb7 13. Rfd1 h6 14. Bxf6 Bxf6 15. Nf1 Rfd8 16. Ne3 Nf8 17. a4 Ne6 18. g3 Ng5 19. Ng4 Nxf3+ 20. Qxf3 Bg7 21. Bb3 c4 22. Bc2 f5 23. Ne3 Rf8 24. Qe2 f4 25. Qxc4+ Qxc4 26. Nxc4 fxg3 27. fxg3 Rf3 28. Kg2 Raf8 29. Rf1 Rxf1 30. Rxf1 Rxf1 31. Kxf1 Ba6 32. Bd3 Bxc4 33. Bxc4+ Kf8 34. Ke2 Bf6 35. Kd3 Ke7 36. Bd5 Bg5 37. Kc4 Kd6 38. Kb5 Kc7 39. Bf7 Bc1 40. b4 g5 41. c4 Be3 42. Ka6 Kb8 43. g4 Bf2 44. Bd5 Bd4 45. Kb5 Kc7 46. a5 bxa5 47. Kxa5 Bc3 48. Kb5 Bd4 49. c5 Bc3 50. Be6 Bd2 51. Kc4 Be1 52. b5 Bd2 53. Kd5 Bc3 54. Bf5 Bd4 55. Ke6 Bxc5 56. Kxe5 Kb6 57. Kf6 Kxb5 58. Kg6 Kc6 59. Kxh6 Be3 60. Be6 Kd6 61. Bd5 Ke5 62. Kh5 Kf6 63. h4 gxh4 64. Kxh4 Bd2 65. Kh5 a5 66. Bb3 Ke5 67. Bc2 Kf6 68. Kh4 Bg5+ 69. Kg3 Ke5 70. Kf3 Bf4 71. Ba4 Bg5 72. Bc6 Be7 73. Ke2 Bg5 74. Kd3 Be7 75. Bd7 Bg5 76. Bf5 Bh6 77. Kc4 Bf4 78. Kb5 Bd2 79. Bh7 Be3 80. Kxa5 Bd2+ 81. Kb5 Be3 82. Bf5 Bg5 83. Kc6 Bf6 84. Kd7 Bg5 85. Ke8 Kf6 86. Kd7 Bf4 87. Be6 Bg3 88. Bd5 Bf4 89. Kc6 Bg3 90. Kc5 Bf2+ 91. Kc4 Bg3 92. Kd4 Be5+ 93. Ke3 Kg5 94. Be6 Bg3 95. Kd4 Kf6 96. Kd5 Bh2 97. Bf5 Bg3 98. Kc6 Bf4 99. Kd7 Bg3 100. Ke8 Bf4 101. Kf8 Bh6+ 102. Kg8 Bf4 103. Kh7 Kg5 104. Kg7 Be5+ 105. Kf7 Bd4 106. Ke6 Kf4 107. Kd5 Ba1 108. Bc8 Bg7 109. Ke6 Ba1 110. Kd5 Bb2 111. Bd7 Ba1 112. Be6 Bb2 113. Bf5 Ba1 114. Ke6 Bb2 115. Kf7 Ba1 116. Kg6 Be5 117. g5 Bd6 118. Kh6 Bf8+ 119. Kh5 Ke5 120. Kg6 Be7 121. Kh6 Bf8+ 122. Kh7 Be7 123. g6 Bf8 124. g7 1-0

[Event "Titled Tuesday intern op 15th Aug Late"]
[Site "Chess.com INT"]
[Date "2023.08.15"]
[Round "10"]
[White "Cordova, Emilio"]
[Black "Volovich, Vasily"]
[Result "1/2-1/2"]
[WhiteElo "2538"]
[BlackElo "2177"]
[PlyCount "94"]
[EventDate "2023.08.15"]
[EventType "swiss (blitz)"]
[EventRounds "11"]
[EventCountry "USA"]
[SourceTitle "EXT 2024"]
[Source "ChessBase"]
[SourceDate "2023.10.10"]
[SourceVersion "1"]
[SourceVersionDate "2023.10.10"]
[SourceQuality "1"]

1. d4 Nf6 2. Bg5 Ne4 3. Bf4 d5 4. e3 c5 5. Bd3 e6 6. Bxe4 dxe4 7. Nc3 cxd4 8. exd4 Bb4 9. Nge2 Nc6 10. 0-0 Bxc3 11. Nxc3 Qxd4 12. Nb5 Qxd1 13. Nc7+ Ke7 14. Raxd1 Rb8 15. Bd6+ Kf6 16. Nb5 Ra8 17. Nc3 b6 18. Nxe4+ Kg6 19. Rd3 f6 20. Rfd1 Rd8 21. Bc7 Rxd3 22. Rxd3 e5 23. Nd6 Be6 24. c3 h6 25. a3 Kh7 26. h4 Na5 27. b4 Nc4 28. Nxc4 Bxc4 29. Rd7 b5 30. f4 exf4 31. Bxf4 a5 32. Be3 axb4 33. axb4 Ra2 34. Bd4 Kg6 35. g4 h5 36. gxh5+ Kxh5 37. Rxg7 Kxh4 38. Bxf6+ Kh3 39. Be5 Re2 40. Bd4 Bd5 41. Rc7 Rg2+ 42. Kf1 Bc4+ 43. Ke1 Kg4 44. Re7 Kf3 45. Kd1 Re2 46. Rxe2 Bxe2+ 47. Kd2 Bc4 1/2-1/2

[Event "Titled Tuesday intern op 15th Aug Late"]
[Site "Chess.com INT"]
[Date "2023.08.15"]
[Round "3"]
[White "Keymer, Vincent"]
[Black "Volovich, Vasily"]
[Result "1-0"]
[WhiteElo "2701"]
[BlackElo "2177"]
[PlyCount "75"]
[EventDate "2023.08.15"]
[EventType "swiss (blitz)"]
[EventRounds "11"]
[EventCountry "USA"]
[SourceTitle "EXT 2024"]
[Source "ChessBase"]
[SourceDate "2023.10.10"]
[SourceVersion "1"]
[SourceVersionDate "2023.10.10"]
[SourceQuality "1"]

1. a3 Nf6 2. Nf3 g6 3. b4 Bg7 4. Bb2 0-0 5. c4 b6 6. g3 Bb7 7. Bg2 c5 8. 0-0 Nc6 9. b5 Na5 10. d3 d5 11. Nbd2 a6 12. a4 axb5 13. axb5 Re8 14. Qc2 d4 15. Rfe1 e5 16. e4 dxe3 17. Rxe3 Ng4 18. Ree1 Qc7 19. Bc3 Rad8 20. Ra3 Rd7 21. h3 Nh6 22. Bxa5 bxa5 23. Nb3 Nf5 24. Nxa5 Bxf3 25. Bxf3 Nd4 26. Qd1 f5 27. Bc6 Nxc6 28. Nxc6 Qd6 29. Qf3 h5 30. h4 Rf7 31. Qd5 Qxd5 32. cxd5 Rd7 33. b6 e4 34. dxe4 fxe4 35. Rb1 Bd4 36. b7 e3 37. fxe3 Bxe3+ 38. Rxe3 1-0

[Event "Titled Tuesday intern op 15th Aug Late"]
[Site "Chess.com INT"]
[Date "2023.08.15"]
[Round "4"]
[White "Styazhkina, Anna"]
[Black "Volovich, Vasily"]
[Result "0-1"]
[WhiteElo "2194"]
[BlackElo "2177"]
[PlyCount "154"]
[EventDate "2023.08.15"]
[EventType "swiss (blitz)"]
[EventRounds "11"]
[EventCountry "USA"]
[SourceTitle "EXT 2024"]
[Source "ChessBase"]
[SourceDate "2023.10.10"]
[SourceVersion "1"]
[SourceVersionDate "2023.10.10"]
[SourceQuality "1"]

1. e4 e6 2. d4 d5 3. Nd2 c5 4. Ngf3 cxd4 5. Nxd4 Nf6 6. e5 Nfd7 7. f4 Nxe5 8. Be2 Nec6 9. N2f3 Bc5 10. c3 0-0 11. 0-0 Qb6 12. Kh1 Nxd4 13. cxd4 Be7 14. Bd3 Nc6 15. Ne5 g6 16. Ng4 Qxd4 17. Bd2 Qxd3 18. Nh6+ Kg7 19. Bc3+ Qxc3 20. Nf5+ gxf5 21. bxc3 Bf6 22. Rf3 Kh8 23. Rg3 Ne7 24. Qh5 Ng6 25. Rh3 Bh4 26. Rxh4 Nxh4 27. Qxh4 f6 28. Qh6 Bd7 29. Re1 Rf7 30. Re3 Rg8 31. Rg3 Rxg3 32. hxg3 Kg8 33. Qh5 Bb5 34. Qf3 Bc4 35. Qe3 Re7 36. Qxa7 Kf7 37. Qc5 b5 38. a3 e5 39. fxe5 fxe5 40. Qd6 e4 41. Qh6 e3 42. Qxh7+ Ke8 43. Qxf5 e2 44. Qc8+ Kf7 45. Qf5+ Kg8 46. Qg6+ Kf8 47. Qf6+ Ke8 48. Qc6+ Rd7 49. Qe6+ Kd8 50. Kg1 Kc7 51. Qe5+ Kd8 52. Kf2 Re7 53. Qd6+ Ke8 54. Ke1 Rf7 55. Qe6+ Kf8 56. Qh6+ Ke7 57. Qg5+ Ke6 58. Qg6+ Rf6 59. Qg4+ Ke7 60. Kd2 Rf1 61. Qg5+ Ke6 62. Qg6+ Kd7 63. Qg7+ Kc6 64. Qg6+ Kb7 65. Qg7+ Ka6 66. Qh6+ Ka5 67. Qe3 e1Q+ 68. Qxe1 Rxe1 69. Kxe1 Bd3 70. Kd2 Be4 71. Ke3 Ka4 72. g4 Kxa3 73. Kd4 Bxg2 74. g5 Be4 75. g6 Bxg6 76. Kxd5 Bd3 77. Kd4 Bc4 0-1

[Event "Titled Tuesday intern op 15th Aug Late"]
[Site "Chess.com INT"]
[Date "2023.08.15"]
[Round "2"]
[White "Volovich, Vasily"]
[Black "Polaczek, Richard"]
[Result "1-0"]
[WhiteElo "2177"]
[BlackElo "2302"]
[PlyCount "75"]
[EventDate "2023.08.15"]
[EventType "swiss (blitz)"]
[EventRounds "11"]
[EventCountry "USA"]
[SourceTitle "EXT 2024"]
[Source "ChessBase"]
[SourceDate "2023.10.10"]
[SourceVersion "1"]
[SourceVersionDate "2023.10.10"]
[SourceQuality "1"]

1. e4 Nf6 2. e5 Nd5 3. d4 d6 4. c4 Nb6 5. exd6 cxd6 6. Nf3 g6 7. h3 Bg7 8. Be2 0-0 9. 0-0 Nc6 10. Nc3 Bf5 11. Be3 d5 12. c5 Nc4 13. Bxc4 dxc4 14. d5 Nb4 15. Bg5 Bd3 16. Re1 Nxd5 17. Nxd5 Qxd5 18. Bxe7 Rfe8 19. Qd2 Be4 20. Rad1 Bxf3 21. Qxd5 Bxd5 22. Rxd5 Bxb2 23. Rd7 c3 24. Rxb7 Rac8 25. Kf1 a5 26. Bf6 Rxe1+ 27. Kxe1 h6 28. c6 g5 29. c7 Kh7 30. a4 Kg6 31. Bd4 Re8+ 32. Kd1 c2+ 33. Kxc2 Bxd4 34. Rb8 Be5 35. Rxe8 Bxc7 36. Kd3 Bh2 37. Ra8 h5 38. Rxa5 1-0

[Event "Titled Tuesday intern op 01st Aug Late"]
[Site "Chess.com INT"]
[Date "2023.08.01"]
[Round "8"]
[White "Santos Flores, Alberto Javier"]
[Black "Volovich, Vasily"]
[Result "0-1"]
[WhiteElo "2200"]
[BlackElo "2177"]
[PlyCount "68"]
[EventDate "2023.08.01"]
[EventType "swiss (blitz)"]
[EventRounds "11"]
[EventCountry "USA"]
[SourceTitle "EXT 2024"]
[Source "ChessBase"]
[SourceDate "2023.10.10"]
[SourceVersion "1"]
[SourceVersionDate "2023.10.10"]
[SourceQuality "1"]

1. e4 e6 2. d4 d5 3. Nc3 Bb4 4. e5 Ne7 5. a3 Bxc3+ 6. bxc3 c5 7. Nf3 b6 8. a4 Ba6 9. Bxa6 Nxa6 10. a5 0-0 11. 0-0 bxa5 12. Bg5 cxd4 13. cxd4 Rc8 14. Qd2 Nb4 15. c3 Nbc6 16. Rfb1 h6 17. Be3 Rb8 18. g4 Kh7 19. h4 f6 20. exf6 Rxf6 21. Ne5 Nxe5 22. dxe5 Rf7 23. f4 Qc7 24. Rxb8 Qxb8 25. Rxa5 Qb1+ 26. Kh2 Nc6 27. Ra2 Qe4 28. Ra6 Nxe5 29. fxe5 Qxg4 30. Qd3+ Rf5 31. Rxa7 Qxh4+ 32. Kg2 Qg4+ 33. Kh2 Qh5+ 34. Kg2 Qg6+ 0-1

[Event "Titled Tuesday intern op 01st Aug Late"]
[Site "Chess.com INT"]
[Date "2023.08.01"]
[Round "5"]
[White "Taboas Rodriguez, Daniel"]
[Black "Volovich, Vasily"]
[Result "0-1"]
[WhiteElo "2368"]
[BlackElo "2177"]
[PlyCount "120"]
[EventDate "2023.08.01"]
[EventType "swiss (blitz)"]
[EventRounds "11"]
[EventCountry "USA"]
[SourceTitle "EXT 2024"]
[Source "ChessBase"]
[SourceDate "2023.10.10"]
[SourceVersion "1"]
[SourceVersionDate "2023.10.10"]
[SourceQuality "1"]

1. d4 Nf6 2. Nf3 e6 3. c4 d5 4. Nc3 Bb4 5. e3 0-0 6. a3 Bxc3+ 7. bxc3 c5 8. Bd3 dxc4 9. Bxc4 b6 10. 0-0 Ba6 11. Bxa6 Nxa6 12. Qe2 Nb8 13. a4 Qc7 14. Ba3 Nbd7 15. Rfb1 Rfd8 16. a5 Rac8 17. Qa6 Nd5 18. axb6 axb6 19. c4 Nb8 20. Qa8 Nc6 21. Qxc8 Rxc8 22. cxd5 exd5 23. dxc5 bxc5 24. Bxc5 f6 25. h3 Ne5 26. Nxe5 fxe5 27. Bb6 Qf7 28. Rd1 h6 29. Rd2 Rc6 30. Ba5 Ra6 31. Rda2 d4 32. exd4 exd4 33. Ra3 Qc4 34. Bd2 Rxa3 35. Rxa3 Qe2 36. Ra2 d3 37. g3 Kh7 38. Kg2 Qe4+ 39. Kg1 Qc4 40. Rb2 Qd4 41. Ra2 Qd5 42. Rb2 Qe5 43. Ra2 Qe6 44. Ra3 Qe2 45. Ra2 Qd1+ 46. Kg2 Qb1 47. Ra7 Qc2 48. Be3 d2 49. Bxd2 Qxd2 50. Re7 Qd5+ 51. Kg1 Qf5 52. h4 Qh3 53. Re3 Kg6 54. Re1 Kf5 55. Re3 g5 56. hxg5 hxg5 57. Re1 Qh8 58. Re3 Kg4 59. Re1 Kh3 60. Kf1 Kh2 0-1

[Event "Titled Tuesday intern op 01st Aug Late"]
[Site "Chess.com INT"]
[Date "2023.08.01"]
[Round "6"]
[White "Volovich, Vasily"]
[Black "Nikologorsky, Matfei"]
[Result "1-0"]
[WhiteElo "2177"]
[BlackElo "2182"]
[PlyCount "153"]
[EventDate "2023.08.01"]
[EventType "swiss (blitz)"]
[EventRounds "11"]
[EventCountry "USA"]
[SourceTitle "EXT 2024"]
[Source "ChessBase"]
[SourceDate "2023.10.10"]
[SourceVersion "1"]
[SourceVersionDate "2023.10.10"]
[SourceQuality "1"]

1. e4 c5 2. Nf3 e6 3. c3 d5 4. exd5 Qxd5 5. d4 Nf6 6. Na3 Nc6 7. Nb5 Qd8 8. dxc5 Bxc5 9. Qxd8+ Kxd8 10. Bf4 Ne4 11. Rd1+ Bd7 12. Bg3 Nxg3 13. hxg3 Ke7 14. Nbd4 Rac8 15. Bb5 Nxd4 16. Nxd4 Bxb5 17. Nxb5 h6 18. Ke2 a6 19. Nd4 Rhd8 20. Nb3 Bb6 21. f3 e5 22. g4 Ke6 23. Nd2 Rd5 24. Ne4 Rcd8 25. Rxd5 Rxd5 26. Ng3 Rb5 27. b3 Rc5 28. c4 Rc8 29. Nf5 Kf6 30. Nd6 Rb8 31. Rd1 Bc7 32. c5 Ke6 33. Nf5 g6 34. Ne3 h5 35. gxh5 gxh5 36. Nd5 Ba5 37. b4 Bd8 38. Nc3 Be7 39. Na4 Rg8 40. Kf1 Rc8 41. Nb6 Rc6 42. Nd5 a5 43. a3 axb4 44. axb4 Rc8 45. Kf2 f5 46. Ne3 b6 47. cxb6 Bxb4 48. Rb1 Bc5 49. b7 Rb8 50. Ke2 Bxe3 51. Kxe3 Kd6 52. Rb5 Kc6 53. Rxe5 Rxb7 54. Rxf5 Rg7 55. Kf2 Rh7 56. Kg3 Kd6 57. Kh4 Ke6 58. Rxh5 Rg7 59. g3 Kf6 60. f4 Rc7 61. Ra5 Rc3 62. Kg4 Rc6 63. Rh5 Kg6 64. f5+ Kg7 65. Kg5 Rb6 66. g4 Ra6 67. f6+ Rxf6 68. Rh7+ Kxh7 69. Kxf6 Kh8 70. g5 Kg8 71. Kg6 Kh8 72. Kh6 Kg8 73. Kg6 Kh8 74. Kf7 Kh7 75. g6+ Kh6 76. g7 Kg5 77. g8Q+ 1-0

[Event "Titled Tuesday intern op 25th Jul Early"]
[Site "Chess.com INT"]
[Date "2023.07.25"]
[Round "1"]
[White "Rios Escobar, Adan"]
[Black "Volovich, Vasily"]
[Result "1/2-1/2"]
[WhiteElo "2234"]
[BlackElo "2177"]
[PlyCount "99"]
[EventDate "2023.07.25"]
[EventType "swiss (blitz)"]
[EventRounds "11"]
[EventCountry "USA"]
[SourceTitle "EXT 2024"]
[Source "ChessBase"]
[SourceDate "2023.10.10"]
[SourceVersion "1"]
[SourceVersionDate "2023.10.10"]
[SourceQuality "1"]

1. d4 Nf6 2. g3 e6 3. c4 d5 4. Nf3 dxc4 5. Bg2 Nc6 6. Qa4 Bb4+ 7. Bd2 Qd6 8. 0-0 0-0 9. e3 a6 10. Qc2 Bxd2 11. Nfxd2 b5 12. b3 cxb3 13. Nxb3 Nb4 14. Qe2 Rb8 15. Nc5 Nd7 16. Ne4 Qe7 17. Rc1 Bb7 18. Rxc7 Rfc8 19. Rxc8+ Rxc8 20. Nbd2 Bxe4 21. Nxe4 Nd5 22. Qd2 Qa3 23. h4 b4 24. Rb1 Nc3 25. Rb3 Qxa2 26. Rxb4 Qxd2 27. Nxd2 a5 28. Rb7 Nf6 29. Ra7 a4 30. Bf3 g6 31. Kg2 Rb8 32. Nc4 Nfd5 33. Bxd5 exd5 34. Ne5 Rb2 35. Nxf7 Nd1 36. Nh6+ Kh8 37. g4 Rxf2+ 38. Kg3 Rf8 39. g5 Nxe3 40. Rxa4 Nf5+ 41. Kg4 Nxh6+ 42. gxh6 Re8 43. Ra5 Re4+ 44. Kg5 Kg8 45. Ra7 Rxd4 46. Rg7+ Kh8 47. Rf7 Kg8 48. Rg7+ Kh8 49. Rf7 Kg8 50. Rg7+ 1/2-1/2

[Event "Titled Tuesday intern op 25th Jul Early"]
[Site "Chess.com INT"]
[Date "2023.07.25"]
[Round "2"]
[White "Volovich, Vasily"]
[Black "Molina Carretero, Daniel"]
[Result "0-1"]
[WhiteElo "2177"]
[BlackElo "2189"]
[PlyCount "96"]
[EventDate "2023.07.25"]
[EventType "swiss (blitz)"]
[EventRounds "11"]
[EventCountry "USA"]
[SourceTitle "EXT 2024"]
[Source "ChessBase"]
[SourceDate "2023.10.10"]
[SourceVersion "1"]
[SourceVersionDate "2023.10.10"]
[SourceQuality "1"]

1. e4 c5 2. Nf3 d6 3. c3 Nf6 4. h3 g6 5. Bd3 Bg7 6. 0-0 0-0 7. Bc2 e5 8. d4 Nc6 9. dxe5 dxe5 10. Bg5 h6 11. Bxf6 Qxf6 12. Nbd2 Rd8 13. Qe2 Be6 14. Bb3 Rd7 15. Bxe6 Qxe6 16. Nc4 Rad8 17. Ne3 f5 18. Rfd1 a6 19. b3 fxe4 20. Nd2 Nd4 21. cxd4 exd4 22. Qc4 Qxc4 23. Nexc4 b5 24. Na3 e3 25. Nf3 e2 26. Rd2 d3 27. Rc1 Bb2 28. Rxb2 d2 29. Rxd2 Rxd2 30. Re1 Rxa2 31. Nb1 Rd1 32. Nc3 Rxe1+ 33. Nxe1 Ra1 34. f3 Rxe1+ 35. Kf2 Rc1 36. Nxe2 Rc2 37. Ke3 Rxe2+ 38. Kxe2 a5 39. Kd3 a4 40. bxa4 bxa4 41. Kc4 Kf7 42. f4 Kf6 43. g4 Ke6 44. h4 Kf6 45. Kc3 h5 46. gxh5 gxh5 47. Kc4 Kf5 48. Kxc5 a3 0-1

[Event "Titled Tuesday intern op 18th Jul Early"]
[Site "Chess.com INT"]
[Date "2023.07.18"]
[Round "1"]
[White "Volovich, Vasily"]
[Black "Devaev, Alexander"]
[Result "1-0"]
[WhiteElo "2177"]
[BlackElo "2325"]
[PlyCount "47"]
[EventDate "2023.07.18"]
[EventType "swiss (blitz)"]
[EventRounds "11"]
[EventCountry "USA"]
[SourceTitle "EXT 2024"]
[Source "ChessBase"]
[SourceDate "2023.10.10"]
[SourceVersion "1"]
[SourceVersionDate "2023.10.10"]
[SourceQuality "1"]

1. e4 c6 2. Nf3 d5 3. Nc3 Nf6 4. e5 Ne4 5. Ne2 Nc5 6. d4 Ncd7 7. c3 e6 8. Ng3 c5 9. Bd3 Nc6 10. 0-0 Qb6 11. Bb1 a5 12. a3 Qa7 13. Be3 cxd4 14. cxd4 Nb6 15. b3 a4 16. bxa4 Bd7 17. Ng5 h6 18. Qh5 g6 19. Bxg6 fxg6 20. Qxg6+ Ke7 21. Qf6+ Ke8 22. Qxh8 hxg5 23. Bxg5 Nxd4 24. Qh5# 1-0

[Event "Titled Tuesday intern op 18th Jul Late"]
[Site "Chess.com INT"]
[Date "2023.07.18"]
[Round "4"]
[White "Volovich, Vasily"]
[Black "Philippe, Guillaume"]
[Result "1-0"]
[WhiteElo "2177"]
[BlackElo "2362"]
[PlyCount "131"]
[EventDate "2023.07.18"]
[EventType "swiss (blitz)"]
[EventRounds "11"]
[EventCountry "USA"]
[SourceTitle "EXT 2024"]
[Source "ChessBase"]
[SourceDate "2023.10.10"]
[SourceVersion "1"]
[SourceVersionDate "2023.10.10"]
[SourceQuality "1"]

1. e4 e5 2. Nf3 Nc6 3. d4 exd4 4. Bc4 Nf6 5. 0-0 Nxe4 6. Re1 d5 7. Bxd5 Qxd5 8. Nc3 Qa5 9. Nxe4 Be7 10. Bg5 Be6 11. Bxe7 Nxe7 12. Qxd4 0-0 13. Qc5 Nc6 14. Qxa5 Nxa5 15. Rad1 Rad8 16. Nd4 Bd7 17. Nc5 Bc8 18. Nb5 b6 19. Nd3 a6 20. Nc3 Rfe8 21. Nd5 Rxe1+ 22. Rxe1 Kf8 23. Nxc7 Nc6 24. Nf4 Nd4 25. c3 Nc2 26. Rc1 Rd2 27. Ncd5 g5 28. Nxb6 Bf5 29. Nfd5 Kg7 30. h3 Be6 31. Nc7 Bxa2 32. Nxa6 f5 33. Nc7 h5 34. Nb5 g4 35. hxg4 hxg4 36. g3 Kg6 37. Na4 Bc4 38. Na3 Nxa3 39. bxa3 Ra2 40. Nb6 Be6 41. c4 Rxa3 42. c5 Ra6 43. Kf1 Kf6 44. Ke2 Ke5 45. Rc3 f4 46. gxf4+ Kxf4 47. Rc2 Ke4 48. Rb2 Kd4 49. c6 Kc5 50. Nd7+ Kxc6 51. Nb8+ Kc5 52. Nxa6+ Kd4 53. Rb4+ Bc4+ 54. Rxc4+ Kxc4 55. Ke3 Kb5 56. Kf4 Kxa6 57. Kxg4 Kb7 58. Kg5 Kc7 59. Kf6 Kd6 60. f4 Kd5 61. f5 Ke4 62. Ke6 Kf3 63. f6 Kg4 64. f7 Kf4 65. f8Q+ Kg4 66. Qf5+ 1-0

[Event "Titled Tuesday intern op 18th Jul Late"]
[Site "Chess.com INT"]
[Date "2023.07.18"]
[Round "2"]
[White "Volovich, Vasily"]
[Black "Poltorak, Sebastian"]
[Result "0-1"]
[WhiteElo "2177"]
[BlackElo "2362"]
[PlyCount "96"]
[EventDate "2023.07.18"]
[EventType "swiss (blitz)"]
[EventRounds "11"]
[EventCountry "USA"]
[SourceTitle "EXT 2024"]
[Source "ChessBase"]
[SourceDate "2023.10.10"]
[SourceVersion "1"]
[SourceVersionDate "2023.10.10"]
[SourceQuality "1"]

1. e4 Nc6 2. Nf3 f5 3. exf5 d5 4. d4 Bxf5 5. c3 Qd6 6. Bd3 Bg4 7. Nbd2 0-0-0 8. h3 Bh5 9. b4 e5 10. b5 e4 11. bxc6 exd3 12. cxb7+ Kb8 13. Nb3 Re8+ 14. Be3 Rxe3+ 15. fxe3 Qg3+ 16. Kf1 Nf6 17. Qe1 Ne4 18. Qxg3 Nxg3+ 19. Kf2 Nxh1+ 20. Rxh1 Bd6 21. Na5 Rf8 22. Rb1 Be8 23. Ke1 g5 24. Kd2 h5 25. Nxg5 Rf2+ 26. Kxd3 Rxg2 27. h4 Rxa2 28. Nb3 Bb5+ 29. c4 dxc4+ 30. Ke4 cxb3 31. Rxb3 Bc6+ 32. Kf5 Ra5+ 33. Kg6 Rb5 34. Rc3 Bxb7 35. Kxh5 a5 36. Kg6 Be7 37. Rc1 a4 38. e4 Bxg5 39. hxg5 Bxe4+ 40. Kh6 a3 41. g6 Rb6 42. Ra1 Rxg6+ 43. Kh5 Ra6 44. Kg5 a2 45. Kf4 Bd5 46. Ke5 c6 47. Kd6 Rb6 48. Kc5 Rb1 0-1

[Event "Speed Chess Super Swiss"]
[Site "Chess.com INT"]
[Date "2021.10.16"]
[Round "13"]
[White "Bernadskiy, Vitaliy"]
[Black "Volovich, Vasily"]
[Result "0-1"]
[WhiteElo "2580"]
[BlackElo "2177"]
[PlyCount "91"]
[EventDate "2021.10.16"]
[EventType "swiss (blitz)"]
[EventRounds "15"]
[EventCountry "USA"]
[SourceTitle "CBM 204 Extra"]
[Source "ChessBase"]
[SourceDate "2021.11.30"]
[SourceVersion "1"]
[SourceVersionDate "2021.11.30"]
[SourceQuality "1"]

1. e4 e6 2. d4 d5 3. Nc3 Bb4 4. e5 Ne7 5. a3 Bxc3+ 6. bxc3 c5 7. h4 Qc7 8. Rb1 b6 9. Bb5+ Kf8 10. Bd3 Ba6 11. Nf3 Bxd3 12. cxd3 h6 13. dxc5 Qxc5 14. 0-0 Kg8 15. Be3 Qc7 16. d4 Nbc6 17. h5 Na5 18. a4 Rc8 19. Bc1 Qxc3 20. Bd2 Qc2 21. Bxa5 Qxd1 22. Rfxd1 bxa5 23. Rb7 Nc6 24. Rc1 Kh7 25. Rxf7 Nxd4 26. Rxc8 Nxf3+ 27. gxf3 Rxc8 28. Rxa7 Rf8 29. Ra6 Rxf3 30. Rxe6 Rf5 31. Re8 Rxh5 32. f4 Kg6 33. Ra8 Kf5 34. Rxa5 Kxf4 35. e6 Re5 36. Ra6 d4 37. Rd6 Ke3 38. a5 Rxa5 39. Rd7 Re5 40. Rxg7 d3 41. Rg3+ Ke2 42. Rg2+ Ke1 43. Rf2 d2 44. Rf1+ Ke2 45. Rf2+ Kd3 46. Rf1 0-1

[Event "Speed Chess Super Swiss"]
[Site "Chess.com INT"]
[Date "2021.10.16"]
[Round "9"]
[White "Kezin, Roman"]
[Black "Volovich, Vasily"]
[Result "1-0"]
[WhiteElo "2492"]
[BlackElo "2177"]
[PlyCount "129"]
[EventDate "2021.10.16"]
[EventType "swiss (blitz)"]
[EventRounds "15"]
[EventCountry "USA"]
[SourceTitle "CBM 204 Extra"]
[Source "ChessBase"]
[SourceDate "2021.11.30"]
[SourceVersion "1"]
[SourceVersionDate "2021.11.30"]
[SourceQuality "1"]

1. d4 e6 2. c4 Nf6 3. g3 d5 4. Bg2 dxc4 5. Nf3 a6 6. 0-0 Nc6 7. Be3 Be7 8. Qc1 0-0 9. Qxc4 Nb4 10. a3 b5 11. Qc1 Nbd5 12. Ne5 Bb7 13. Bg5 h6 14. Bxf6 Bxf6 15. Nd2 Bxe5 16. dxe5 Qe7 17. Nb3 Rfd8 18. Qc5 Qxc5 19. Nxc5 Bc8 20. Rfd1 Bd7 21. Rac1 Kf8 22. Bxd5 exd5 23. Rxd5 Bc6 24. Rxd8+ Rxd8 25. Ne6+ fxe6 26. Rxc6 Rd2 27. b4 Rxe2 28. f4 Re3 29. Rxa6 Ke7 30. Kf2 Rb3 31. h4 Kd7 32. h5 Rc3 33. g4 Rc2+ 34. Ke3 Rc3+ 35. Ke4 Rc4+ 36. Kf3 Rc3+ 37. Kf2 Rc2+ 38. Ke3 Rc3+ 39. Kd2 Rc4 40. f5 Rxg4 41. Rxe6 Rg5 42. Rg6 Rxf5 43. Rxg7+ Kc6 44. Rg6+ Kd5 45. Rxh6 Rxe5 46. Rh8 Kc4 47. h6 Rh5 48. h7 Kb3 49. Kd3 Rh3+ 50. Kd4 Kxa3 51. Ra8+ Kxb4 52. h8Q c5+ 53. Kd5 Rxh8 54. Rxh8 c4 55. Kd4 Kb3 56. Rh3+ Kb2 57. Rg3 Kc2 58. Kc5 c3 59. Kb4 Kb2 60. Rxc3 Ka2 61. Kxb5 Kb2 62. Kb4 Ka2 63. Rc2+ Kb1 64. Kb3 Ka1 65. Rc1# 1-0